00842nam a2200229 a 450000100060000000300080000600500170001400800410003103500200007204000270009204100080011908200240012710000280015124500620017926000520024130000340029350400500032760000680037794200120044599900170045795201380047465541BD-RjUL20211209081434.0170308s1954 caua b 001 0 eng  a(BD-RjUL)65671) aDLCcDLCdBD-RjULbeng aeng00a821.4223bYOJ 1954 aYoung, Kenneth 919393410aJohn Dryden :ba tercentenary miscellany /cKenneth Young aSan Marino, Calif. :bHuntington Library,c1954 avii, 240 p. :bill. ;c26 cm. aIncludes bibliographical references and index10aDryden, John,d1631-1700xCriticism and interpretation.9240580 2ddccBK c65541d65541 00102ddc40718NFICaRUCLbRUCLcReadingd1965-10-18eBlackwellg21.00l0o821.4 YOJ 1954r2017-03-08 00:00:00tC-1w2017-03-08yBK